<?xml version="1.0" encoding="UTF-8"?>
<record
    xmlns:xsi="http://www.w3.org/2001/XMLSchema-instance"
    xsi:schemaLocation="http://www.loc.gov/MARC21/slim http://www.loc.gov/standards/marcxml/schema/MARC21slim.xsd"
    xmlns="http://www.loc.gov/MARC21/slim">

  <leader>01428nam a2200265 i 4500</leader>
  <controlfield tag="001">80783</controlfield>
  <controlfield tag="003">ES-MaACL</controlfield>
  <controlfield tag="005">20230906174310.0</controlfield>
  <controlfield tag="007">t|</controlfield>
  <controlfield tag="008">041029s1923    fr           ||||1| fre d</controlfield>
  <datafield tag="245" ind1="0" ind2="0">
    <subfield code="a">Ce qui se passa r&#xE9;ellement &#xE0; Paris en 1918-1919 </subfield>
    <subfield code="b">: histoire de la Conf&#xE9;rence de la Paix par les d&#xE9;l&#xE9;gu&#xE9;s am&#xE9;ricains / </subfield>
    <subfield code="c">publi&#xE9;e par le Colonel House,..., et Charles Seymour,... ; trad. francaise par Louis-Paul Alaux, avec cinq cartes dans le texte.</subfield>
  </datafield>
  <datafield tag="260" ind1=" " ind2=" ">
    <subfield code="a">Paris : </subfield>
    <subfield code="b">Payot, </subfield>
    <subfield code="c">1923 (</subfield>
    <subfield code="e">Vannes : </subfield>
    <subfield code="f">Lafolye)</subfield>
  </datafield>
  <datafield tag="300" ind1=" " ind2=" ">
    <subfield code="a">346 p. : </subfield>
    <subfield code="b">il. ; </subfield>
    <subfield code="c">23 cm.</subfield>
  </datafield>
  <datafield tag="490" ind1="1" ind2=" ">
    <subfield code="a">Memoires, &#xE9;tudes et documents pour servir &#xE1;a l'histoire de la Guerre Mondiale</subfield>
  </datafield>
  <datafield tag="500" ind1=" " ind2=" ">
    <subfield code="a">Les 18 chapitres qui constituent cet ouvrage sont la reprod. des 18 conf&#xE9;rences qui furent faites par les d&#xE9;l&#xE9;gu&#xE9;s am&#xE9;ricains sur la Conf&#xE9;rence de la Paix pendant l'hiver 1920-1921, &#xE0; l'Acad&#xE9;mie de musique de Philadelphie, sous les auspices du "Philadelphia Public Ledger"</subfield>
  </datafield>
  <datafield tag="611" ind1="2" ind2="4">
    <subfield code="a">Paris Peace Conference. </subfield>
    <subfield code="d">1919-1920)</subfield>
    <subfield code="9">155229</subfield>
  </datafield>
  <datafield tag="630" ind1="0" ind2="4">
    <subfield code="a">Tratado de Versalles (</subfield>
    <subfield code="d">1919)</subfield>
    <subfield code="9">155228</subfield>
  </datafield>
  <datafield tag="650" ind1="0" ind2="4">
    <subfield code="a">Paz-</subfield>
    <subfield code="v">Congresos y asambleas.</subfield>
    <subfield code="9">15900</subfield>
  </datafield>
  <datafield tag="700" ind1="1" ind2=" ">
    <subfield code="a">House, Edward Mandell.</subfield>
    <subfield code="9">64346</subfield>
  </datafield>
  <datafield tag="700" ind1="1" ind2=" ">
    <subfield code="a">Seymour, Charles.</subfield>
    <subfield code="9">105961</subfield>
  </datafield>
  <datafield tag="700" ind1="1" ind2=" ">
    <subfield code="a">Alaux, Louis-Paul.</subfield>
    <subfield code="9">19173</subfield>
  </datafield>
  <datafield tag="830" ind1="0" ind2=" ">
    <subfield code="a">Memoires, &#xE9;tudes et documents pour servir &#xE1;a l'histoire de la Guerre Mondiale</subfield>
    <subfield code="9">231508</subfield>
  </datafield>
  <datafield tag="852" ind1=" " ind2=" ">
    <subfield code="a">ES-MaACL</subfield>
    <subfield code="j">G-3373</subfield>
  </datafield>
  <datafield tag="999" ind1=" " ind2=" ">
    <subfield code="c">80783</subfield>
    <subfield code="d">80783</subfield>
  </datafield>
  <datafield tag="952" ind1=" " ind2=" ">
    <subfield code="0">0</subfield>
    <subfield code="1">0</subfield>
    <subfield code="4">0</subfield>
    <subfield code="7">0</subfield>
    <subfield code="a">ATENEOM</subfield>
    <subfield code="b">ATENEOM</subfield>
    <subfield code="c">DEPO2</subfield>
    <subfield code="d">2008-01-17</subfield>
    <subfield code="e">SC</subfield>
    <subfield code="l">0</subfield>
    <subfield code="o">G-3373</subfield>
    <subfield code="p">1084457</subfield>
    <subfield code="r">2023-02-23 00:00:00</subfield>
    <subfield code="w">2023-02-23</subfield>
    <subfield code="y">MONOGRAFIA</subfield>
  </datafield>
</record>
